|
|
|
|
| LEADER |
01413nam a2200289 a 4500 |
| 001 |
0013391 |
| 003 |
BD-DhAAL |
| 008 |
10110820021979nyu b 001 0 eng d |
| 010 |
|
|
|a 78015671
|
| 020 |
|
|
|a 0023249803
|
| 020 |
|
|
|a 8120309707
|
| 040 |
|
|
|a DLC
|c DLC
|d DLC
|d BD-DhAAL
|
| 082 |
0 |
0 |
|a 511.3
|
| 100 |
1 |
|
|a Copi, Irving M.
|9 58618
|
| 245 |
1 |
0 |
|a Symbolic logic /
|c Irving M. Copi.
|
| 250 |
|
|
|a Fifth edition.
|
| 260 |
|
|
|a New York :
|b Macmillan ;
|a New Delhi :
|b Prentice Hall of India,
|c c1979 [reprinted 2002].
|
| 300 |
|
|
|a xiii, 398 p. ;
|c 24 cm
|
| 504 |
|
|
|a Includes bibliographical references and index.
|
| 526 |
|
|
|a CSE
|x Dr. Mumit Khan
Professor and Chairperson
Department of Computer Science and Engineering
BRAC University
|
| 541 |
1 |
|
|e 0013391, 0016938
|a Smart Books
|
| 650 |
|
0 |
|a Logic, Symbolic and mathematical.
|9 39405
|
| 852 |
4 |
|
|a Ayesha Abed Library
|c General Stacks
|
| 942 |
|
|
|2 ddc
|c BK
|
| 999 |
|
|
|c 10072
|d 10072
|
| 952 |
|
|
|0 0
|1 0
|2 ddc
|4 0
|6 511_300000000000000_COP
|7 0
|9 13254
|a BRACUL
|b BRACUL
|c GEN
|d 2010-11-15
|g 162.00
|l 3
|m 31
|o 511.3 COP
|p 3010013391
|r 2024-12-22
|s 2024-06-02
|t 1
|w 2010-11-15
|y BK
|
| 952 |
|
|
|0 0
|1 0
|2 ddc
|4 0
|6 511_300000000000000_COP
|7 0
|9 17689
|a BRACUL
|b BRACUL
|c GEN
|d 2011-07-30
|e Smart Books
|g 235.00
|l 1
|o 511.3 COP
|p 3010016938
|r 2013-09-02
|s 2013-05-15
|t 2
|w 2011-07-30
|y BK
|x Requisitioned by Dr. Mumit Khan (Professor and Chairperson, Department of Computer Science and Engineering, BRAC University).
|